000 00332nam a2200145Ia 4500
003 OSt
005 20240103124219.0
008 170524s9999 xx 000 0 und d
020 _a9780070445321
040 _cIIMT UNIVERSITY
100 _aWHITELEY
245 0 _aE.COMMERCE
260 _bTATA MCGRAW HILL NEW DELHI
942 _2ddc
_c02
999 _c8231
_d8231